Internet Working Through Wide Area Network (Record no. 11069)

MARC details
000 -LEADER
fixed length control field 00373nam a2200157 4500
020 ## - INTERNATIONAL STANDARD BOOK NUMBER
ISBN 9788120324145
022 ## - INTERNATIONAL STANDARD SERIAL NUMBER
ISSN 978-8120324145
082 ## - DEWEY DECIMAL CLASSIFICATION NUMBER
Classification number 004.678NII
100 ## - MAIN ENTRY--AUTHOR NAME
Personal name NIIT
245 ## - TITLE STATEMENT
Title Internet Working Through Wide Area Network
260 ## - PUBLICATION, DISTRIBUTION, ETC. (IMPRINT)
Place of publication New Delhi:
Name of publisher PHI Learning,
Year of publication 2005.
300 ## - PHYSICAL DESCRIPTION
Number of Pages 410p. ;
650 ## - SUBJECT ADDED ENTRY--TOPICAL TERM
Topical Term Network
650 ## - SUBJECT ADDED ENTRY--TOPICAL TERM
Topical Term Internet Working
942 ## - ADDED ENTRY ELEMENTS (KOHA)
Koha item type Books
Holdings
Withdrawn status Lost status Home library Current library Date acquired Full call number Accession Number Koha item type
    Central Library, QUEST, Nawabshah Central Library, QUEST, Nawabshah 22/10/2014 004.678NII 50593 Books
    Central Library, QUEST, Nawabshah Central Library, QUEST, Nawabshah 22/10/2014 004.678NII 50594 Books